| 000 | 00777cam9a220024100 4500 | ||
|---|---|---|---|
| 001 | lce00689574 | ||
| 008 | 691210s1969 wiub bs 001 0 eng | ||
| 010 | _a 69017325 | ||
| 020 | _a0299054004 | ||
| 035 | _a(Sirsi) r107980 | ||
| 035 | _a(DLC) 69017325 | ||
| 035 | _a(UPRA)lce00689574 | ||
| 050 | 0 |
_aHT975 _b.C8 |
|
| 082 | _a382/.44/09 | ||
| 100 | 1 |
_aCurtin, Philip D. _6A32712.1 |
|
| 245 | 1 | 4 |
_aThe Atlantic slave trade; _ba census, _cby Philip D. Curtin. |
| 260 |
_aMadison, _bUniversity of Wisconsin Press, _c1969. |
||
| 504 | _aBibliography: p. 299-311. | ||
| 650 | 0 |
_aSlave-trade -- History. _xSlave-trade -- History. _6S51051.1 |
|
| 949 |
_aHT975 _wlcc _i-153957 _mMAIN _tBOOK _lON-SHELF |
||
| 949 |
_aHT975 _wlcc _i-153958 _mMAIN _tBOOK _lON-SHELF |
||
| 004 | 107980 | ||
| 999 |
_c175287 _d175287 |
||